El gato de sí mismo /
Guardado en:
| Autor principal: | |
|---|---|
| Formato: | Libro |
| Lenguaje: | Spanish |
| Publicado: |
San José :
Editorial Costa Rica,
2005.
|
| Edición: | 1. edición |
| Materias: | |
| Etiquetas: |
Agregar Etiqueta
Sin Etiquetas, Sea el primero en etiquetar este registro!
|
MARC
| LEADER | 00000cam a2200000Ma 4500 | ||
|---|---|---|---|
| 001 | 5957707 | ||
| 005 | 20151006115326.0 | ||
| 008 | 060922s2005 cr 000 f spa d | ||
| 020 | |a 997723826X | ||
| 040 | |a COO |c COO |d CIICLA | ||
| 041 | |a español | ||
| 082 | |a CR863.4 |b Q5g | ||
| 100 | 1 | |a Quesada Román, Uriel | |
| 245 | 1 | 3 | |a El gato de sí mismo / |c Uriel Quesada. |
| 250 | |a 1. edición | ||
| 260 | |a San José : |b Editorial Costa Rica, |c 2005. | ||
| 300 | |a 343 páginas ; |c 21 centímetros. | ||
| 650 | 4 | |a LITERATURA COSTARRICENSE |9 13 |x NOVELA | |
| 942 | |2 ddc |c BK | ||
| 999 | |c 4522 |d 4522 | ||



